Similarity methods for differential equations /

Guardado en:
Autor Principal: Bluman, George W., 1943-
Otros Autores: Cole, Julian D.
Formato: Libro
Idioma:English
Publicado: New York : Springer-Verlag, 1974.
Series:Applied mathematical sciences (Springer-Verlag New York Inc.) ; v. 13.
Materias:
Etiquetas: Agregar Etiqueta
Sin Etiquetas, Sea el primero en etiquetar este registro!
LEADER 01019cam a2200289 a 4500
001 MAT.inmabb005930
008 740918s1974####nyu######b####001#0#eng##
005 20130315120208.0
245 1 0 |a Similarity methods for differential equations /  |c G. W. Bluman, J. D. Cole. 
260 |a New York :  |b Springer-Verlag,  |c 1974. 
300 |a ix, 332 p. ;  |c 26 cm. 
490 1 |a Applied mathematical sciences ;  |v v. 13 
504 |a Bibliografía: p. 324-326. 
500 |a Incluye índice. 
510 4 |a MR,  |c 57 #838 
020 |a 0387901078 
100 1 |a Bluman, George W.,  |d 1943- 
700 1 |a Cole, Julian D. 
830 0 |a Applied mathematical sciences (Springer-Verlag New York Inc.) ;  |v v. 13. 
650 0 |a Differential equations  |x Numerical solutions. 
650 0 |a Differential equations, Partial  |x Numerical solutions. 
650 0 |a Series, Lie. 
650 0 |a Similarity transformations. 
084 |a 35A40 (34A50 65-02)  |2 MR 
010 |a  74020838  
040 |a DLC  |c DLC  |d DLC 
859 |h 35  |i B658  |p A-4708  |b BIB. MATEMATICA